| 000 | 00000nas 2200000zi 4500 |
| 001 | 9.814917 |
| 003 | CaOODSP |
| 005 | 20231129100506 |
| 006 | m o d f |
| 007 | cr ||||||||||| |
| 008 | 160411d20112012onc x p o f0 a0eng|d |
| 040 | |aCaOODSP|beng|erda|cCaOODSP |
| 043 | |an-cn--- |
| 086 | 1 |aYN2-5/1E-PDF |
| 245 | 00|aPBO economic and fiscal outlook. |
| 264 | 1|aOttawa, Canada : |bOffice of the Parliamentary Budget Officer = Bureau du Directeur parlementaire du budget, |c2011-2012. |
| 310 | |aIrregular |
| 336 | |atext|btxt|2rdacontent |
| 337 | |acomputer|bc|2rdamedia |
| 338 | |aonline resource|bcr|2rdacarrier |
| 362 | 1 |aBegan with: June 1, 2011; ceased with April 24, 2012. |
| 500 | |aIssued also in French under title: Perspectives économiques et financières selon le DPB. |
| 588 | |aDescription based on: June 1, 2011. |
| 588 | |aLatest issue consulted: April 24, 2012. |
| 650 | 0|aBudget|zCanada|vPeriodicals. |
| 655 | 7|aPeriodicals|2lcgft |
| 710 | 1 |aCanada. |bOffice of the Parliamentary Budget Officer. |
| 775 | 08|tPerspectives économiques et financières selon le DPB.|w(CaOODSP)9.814923 |
| 780 | 00|tEconomic and fiscal assessment |w(CaOODSP)9.814773 |
| 785 | 00|tEconomic and fiscal outlook.|w(CaOODSP)9.884887 |